Filosofía de la Historia en Jacques Maritain (Record no. 615260)
[ view plain ]
| 000 -CABECERA | |
|---|---|
| Campo de control de longitud fija | 00459nab a2200145Ia 4500 |
| 003 - IDENTIFICADOR DEL NÚMERO DE CONTROL | |
| Campo de control | ES-SlBCS |
| 005 - FECHA Y HORA DE LA ÚLTIMA TRANSACCIÓN | |
| Campo de control | 20210601134618.0 |
| 008 - CÓDIGOS DE INFORMACIÓN DE LONGITUD FIJA | |
| Campo de control de longitud fija | 140529s1997 xxu||||| |||| 00| 0 spa d |
| 041 ## - CÓDIGO DE LENGUA | |
| Código de lengua del texto/banda sonora o título independiente | spa |
| 100 1# - PUNTO DE ACCESO PRINCIPAL-NOMBRE DE PERSONA | |
| Nombre de persona | Menini D., Marino |
| 9 (RLIN) | 26939 |
| 245 00 - MENCIÓN DE TÍTULO | |
| Título | Filosofía de la Historia en Jacques Maritain |
| Mención de responsabilidad, etc. | Marino Menini D. |
| 600 1# - PUNTO DE ACCESO ADICIONAL DE MATERIA-NOMBRE DE PERSONA | |
| Nombre personal | Maritain, Jacques-Filosofía de la Historia |
| 9 (RLIN) | 220411 |
| 773 0# - ENLACE AL DOCUMENTO FUENTE | |
| Título | Anthropos |
| Parte(s) relacionada(s) | vol. 18, nº. 34, 1997, págs. 5-25 |
| Número de control del registro relacionado | Rev38 |
| 942 ## - ENTRADA DE ELEMENTOS AGREGADOS (KOHA) | |
| Koha [por defecto] tipo de item | Artículos de revista |
| Suprimido | Perdido | Estropeado | No para préstamo | Localización permanente | Localización actual | Localización en estantería | Fecha adquisición | Préstamos totales | Fecha última consulta | Fecha del precio de reemplazo | Tipo de item de Koha |
|---|---|---|---|---|---|---|---|---|---|---|---|
| San Esteban | San Esteban | Depósito de revistas | 11/07/2014 | 11/07/2014 | 11/07/2014 | Artículos de revista |
